CRC handbook of chemistry and physics a ready-reference book of chemical and physical data
Saved in:
| Other Authors: | |
|---|---|
| Format: | Book |
| Language: | English |
| Published: |
Baco Raton, FL
CRC Press
2008
|
| Edition: | 89th edition |
| Subjects: | |
| Tags: |
Add Tag
No Tags, Be the first to tag this record!
|
| Call Number : | QD 65 .C734 2008 |
MARC
| LEADER | 00000cam a2200000 c 4500 | ||
|---|---|---|---|
| 001 | 28282 | ||
| 003 | MY-KLNDU | ||
| 005 | 20241218082520.0 | ||
| 008 | 221104 20082008flu b 001 | eng | ||
| 020 | |a 9781420066791 | ||
| 020 | |a 142006679X | ||
| 039 | 9 | |a 202211041118 |b VLOAD |c 201906191623 |d faezah |c 201906191622 |d faezah |c 200911181403 |d VLOAD |y 200910091814 |z VLOAD | |
| 040 | |a UPNM |b eng |c UPNM |e rda | ||
| 090 | |a QD 65 |b .C734 2008 | ||
| 245 | 0 | 0 | |a CRC handbook of chemistry and physics |b a ready-reference book of chemical and physical data |c editor-in-chief, David R. Lide |
| 250 | 0 | |a 89th edition | |
| 264 | 1 | |a Baco Raton, FL |b CRC Press |c 2008 | |
| 264 | 4 | |c © 2008 | |
| 300 | |a 1 volume (various pagings) |c 29 cm. | ||
| 336 | |a text |2 rdacontent | ||
| 337 | |a unmediated |2 rdamedia | ||
| 338 | |a volume |2 rdacarrier | ||
| 500 | |a "Edition 2008-2009" -cover. | ||
| 500 | |a Previous ed.: 2008 | ||
| 504 | |a Includes bibliographical references and index. | ||
| 592 | |a IN04071 |b 30/03/09 |c RM433.26 |d 1 |e 433.26 |h INTRABAKTI SD.BHD. (c.1) | ||
| 592 | |a 60712/005 |b 27/5/2019 |c RM 444.13 |h Amwood (c.2) | ||
| 650 | 0 | |a Chemistry |y Handbooks, manuals, etc. | |
| 650 | 0 | |a Physics |y Handbooks, manuals, etc | |
| 700 | 1 | |a Lide |h David R. |d 1928- |e editor | |
| 740 | 0 | 0 | |a Handbook of chemistry and physics |
| 999 | |a vtls000038617 |c 28282 |d 28282 | ||


